El maestro Marqués, hijo ilustre de Mallorca (Record no. 60848)

MARC details
000 -LEADER
campo de control de longitud fija 00707nam a2200181 i 4500
001 - NÚMERO DE CONTROL
campo de control 60848
003 - IDENTIFICADOR DE NÚMERO DE CONTROL
campo de control ES-MaACL
005 - FECHA Y HORA DE LA ÚLTIMA TRANSACCIÓN
campo de control 20230906164322.0
007 - CAMPO FIJO DE DESCRIPCIÓN FÍSICA--INFORMACIÓN GENERAL
campo de control de longitud fija t|
008 - DATOS DE LONGITUD FIJA--INFORMACIÓN GENERAL
campo de control de longitud fija 031107s1912 sp ||||1| spa d
100 1# - ENTRADA PRINCIPAL--NOMBRE DE PERSONA
Nombre de persona Estelrich, Juan Luis,
Fechas asociadas al nombre 1856-1923
9 (RLIN) 151748
245 13 - MENCIÓN DEL TÍTULO
Título El maestro Marqués, hijo ilustre de Mallorca
Resto del título : sinfonía biográfica en cuatro tiempos escrita por encargo del Excmo. Ayuntamiento de Palma y leída en la solemne sesión del día 31 de diciembre de 1911 /
Mención de responsabilidad, etc. Juan Luis Estelrich.
260 ## - PUBLICACIÓN, DISTRIBUCIÓN, ETC.
Lugar de publicación, distribución, etc. Palma :
Nombre del editor, distribuidor, etc. [s.n.],
Fecha de publicación, distribución, etc. 1912 (
Fabricante Imp. de J. Tous)
300 ## - DESCRIPCIÓN FÍSICA
Extensión 30 p. ;
Dimensiones 26 cm.
600 14 - PUNTO DE ACCESO ADICIONAL DE MATERIA--NOMBRE DE PERSONA
Nombre de persona Marqués, Miguel.
9 (RLIN) 129535
852 ## - LOCALIZACIÓN
Ubicación ES-MaACL
Número de control de estantería T-1439-F-5
Holdings
Estatus retirado Estado de pérdida Estado de daño No para préstamo Colección Biblioteca de origen Biblioteca actual Ubicación en estantería Fecha de adquisición Fuente de adquisición Total de préstamos Signatura topográfica completa Código de barras Visto por última vez Precio de reemplazo Tipo de ítem Koha
        Colección de folletos Biblioteca del Ateneo de Madrid Biblioteca del Ateneo de Madrid Depósito folletos 17/01/2008     T-1439-F-5 1063812 23/02/2023 23/02/2023 Folleto